<?xml version="1.0" encoding="UTF-8"?>
<record
    xmlns:xsi="http://www.w3.org/2001/XMLSchema-instance"
    xsi:schemaLocation="http://www.loc.gov/MARC21/slim http://www.loc.gov/standards/marcxml/schema/MARC21slim.xsd"
    xmlns="http://www.loc.gov/MARC21/slim">

  <leader>02128nam a22002417a 4500</leader>
  <controlfield tag="003">BJBSDDR</controlfield>
  <controlfield tag="005">20260514094120.0</controlfield>
  <controlfield tag="007">ta</controlfield>
  <controlfield tag="008">260514s1991    nyu||||| |||| 00| 0 eng d</controlfield>
  <datafield tag="020" ind1=" " ind2=" ">
    <subfield code="a">9780393310887</subfield>
  </datafield>
  <datafield tag="020" ind1=" " ind2=" ">
    <subfield code="a">0393310884</subfield>
  </datafield>
  <datafield tag="040" ind1=" " ind2=" ">
    <subfield code="b">spa </subfield>
    <subfield code="c">BJBSDDR</subfield>
  </datafield>
  <datafield tag="041" ind1=" " ind2=" ">
    <subfield code="a">eng </subfield>
  </datafield>
  <datafield tag="050" ind1=" " ind2=" ">
    <subfield code="b">R388 1991</subfield>
  </datafield>
  <datafield tag="100" ind1="1" ind2=" ">
    <subfield code="a">Remini, Robert V</subfield>
    <subfield code="d">1921-2013</subfield>
    <subfield code="9">48430</subfield>
  </datafield>
  <datafield tag="245" ind1="1" ind2="0">
    <subfield code="a">Henry Clay : </subfield>
    <subfield code="b">statesman for the Union / </subfield>
    <subfield code="c">Robert V. Remini </subfield>
  </datafield>
  <datafield tag="260" ind1=" " ind2=" ">
    <subfield code="a">New York : </subfield>
    <subfield code="b">W.W. Norton, </subfield>
    <subfield code="c">1991</subfield>
  </datafield>
  <datafield tag="300" ind1=" " ind2=" ">
    <subfield code="a">xxviii, 818 pages :</subfield>
    <subfield code="b">illustrations ;</subfield>
    <subfield code="c">25 cm</subfield>
  </datafield>
  <datafield tag="505" ind1=" " ind2=" ">
    <subfield code="a">The mill boy of the slashes
Kentucky: the dark and bloody ground
The Burr conspiracy
The duel
Emergence of a Republican ideologue
Mr. Speaker
The diplomat
"I am sick of Europe"
The ambitious politicians
The party disrupter
The great compromiser
Retirement from politics
The American system
The presidential election of 1824
The "corrupt bargain"
Secretary of State
The discouraging world of diplomacy
Abominations
A vision of the future
Enforced retirement
Presidential nominee
"Scenes of tergiversation, hypocricy, degeneracy and corruption"
A crushing defeat
Return to triumph
The great triumvirate
The emergence of the Whig party
Tragedy and defeat
The panic of 1837
The war of the titans
The triumphal tour
"Deceived betrayed &amp; beaten"
"And Tyler, too"
The dictator
"Like the soul's quitting the body"
Texas
"The old coon is dead"
"This most unnecessary and horrible war with Mexico"
The sage of Ashland
Return to the Senate
The compromise of 1850
"My political life is over"</subfield>
  </datafield>
  <datafield tag="520" ind1=" " ind2=" ">
    <subfield code="a">Among nineteenth-century Americans, few commanded the reverence and respect accorded to Henry Clay of Kentucky. As orator and as Speaker of the House for longer than any man in the century, he wielded great power, a compelling presence in Congress who helped preserve the Union in the antebellum period. Remini portrays both the statesman and the private man, a man whose family life was painfully torn and who burned with ambition for the office he could not reach, the presidency.</subfield>
  </datafield>
  <datafield tag="942" ind1=" " ind2=" ">
    <subfield code="2">lcc</subfield>
    <subfield code="n">0</subfield>
    <subfield code="c">BK</subfield>
  </datafield>
  <datafield tag="946" ind1=" " ind2=" ">
    <subfield code="i">cmc </subfield>
  </datafield>
  <datafield tag="999" ind1=" " ind2=" ">
    <subfield code="c">127086</subfield>
    <subfield code="d">127086</subfield>
  </datafield>
  <datafield tag="952" ind1=" " ind2=" ">
    <subfield code="0">0</subfield>
    <subfield code="1">0</subfield>
    <subfield code="2">lcc</subfield>
    <subfield code="4">0</subfield>
    <subfield code="7">0</subfield>
    <subfield code="8">APT</subfield>
    <subfield code="a">BJB</subfield>
    <subfield code="b">BJB</subfield>
    <subfield code="c">APT</subfield>
    <subfield code="d">2026-05-14</subfield>
    <subfield code="l">0</subfield>
    <subfield code="o">R388 1991</subfield>
    <subfield code="p">00000199794</subfield>
    <subfield code="r">2026-05-14 09:41:37</subfield>
    <subfield code="t">1</subfield>
    <subfield code="w">2026-05-14</subfield>
    <subfield code="y">BK</subfield>
  </datafield>
</record>
